इतर / (Record no. 116543)

MARC details
000 -LEADER
fixed length control field 01093nam a22002777a 4500
003 - CONTROL NUMBER IDENTIFIER
control field dpl
005 - DATE AND TIME OF LATEST TRANSACTION
control field 20180713153744.0
008 - FIXED-LENGTH DATA ELEMENTS--GENERAL INFORMATION
fixed length control field 180713b xxu||||| |||| 00| 0 eng d
010 ## - LIBRARY OF CONGRESS CONTROL NUMBER
LC control number A-920754
020 ## - INTERNATIONAL STANDARD BOOK NUMBER
Terms of availability 100.00
International Standard Book Number 8121406382
035 ## - SYSTEM CONTROL NUMBER
System control number A-920754, A-920773
037 ## - SOURCE OF ACQUISITION
Source of stock number/acquisition Cen Lib/Ret
040 ## - CATALOGING SOURCE
Original cataloging agency DPL
Language of cataloging HN
Transcribing agency 0
082 ## - DEWEY DECIMAL CLASSIFICATION NUMBER
Classification number
Item number बेदीसू
100 ## - MAIN ENTRY--PERSONAL NAME
Personal name बेदी, सुषम
9 (RLIN) 67075
245 ## - TITLE STATEMENT
Title इतर /
Statement of responsibility, etc सुषम बेदी
246 ## - VARYING FORM OF TITLE
Title proper/short title Itar /
Remainder of title by Susham Bedi
260 ## - PUBLICATION, DISTRIBUTION, ETC. (IMPRINT)
Name of publisher, distributor, etc नेशनल पब्लिशिंग हाउस
Place of publication, distribution, etc नयी दिल्ली
Date of publication, distribution, etc 2005
270 ## - ADDRESS
City नयी दिल्ली
Address 2/35 अंसारी रोड, दर्यगानाज
Postal code 110002
300 ## - PHYSICAL DESCRIPTION
Extent 182पृ.
Dimensions 16सेमी(सजिल्द )
650 ## - SUBJECT ADDED ENTRY--TOPICAL TERM
Topical term or geographic name as entry element हिंदी साहित्य
General subdivision
Geographic subdivision
9 (RLIN) 67076
650 ## - SUBJECT ADDED ENTRY--TOPICAL TERM
Topical term or geographic name as entry element हिंदी साहित्य
General subdivision उपन्यास
9 (RLIN) 42619
650 ## - SUBJECT ADDED ENTRY--TOPICAL TERM
Topical term or geographic name as entry element Hindi literature
9 (RLIN) 67077
650 ## - SUBJECT ADDED ENTRY--TOPICAL TERM
Topical term or geographic name as entry element Hindi literature
General subdivision Fiction
9 (RLIN) 67078
942 ## - ADDED ENTRY ELEMENTS (KOHA)
Source of classification or shelving scheme Dewey Decimal Classification
Koha item type Hindi Books
Classification part
Call number suffix बेदीसू
Holdings
Withdrawn status Lost status Damaged status Not for loan Home library Current library Date acquired Source of acquisition Cost, normal purchase price Total Checkouts Full call number Barcode Date last seen Copy number Cost, replacement price Price effective from Koha item type Source of classification or shelving scheme Collection code
        Central Library Central Library 25/08/2015 Cen Lib/Ref 100.00   उ बेदीसू A-920754 25/08/2015 1 100.00 25/08/2015 Hindi Books    
        Shahdara Branch Shahdara Branch 13/07/2018 BPPD/PUB 100.00   उ बेदीसू A-920773 13/07/2018   100.00 13/07/2018 Hindi Books Dewey Decimal Classification Fiction

© Delhi Public Library
Hit Counter
free hit counter